000 01236nam a22002657a 4500
001 81826
003 BD-RjUL
005 20230902174509.0
008 230902s2021 bg a|||| m||| 00| 0 eng d
035 _a(BD-RjUL)81826
040 _aBD-RjUL
_beng
_cBD-RjUL
_dBD-RjUL
041 _aeng
082 _223
_a616.462
_bHOR 2021
100 _aHossain, Md. Azad
_98723
245 1 0 _aRelation between peripheral neuropathy and HbA1c level among type-2 diabetes mellitus outpatients attending in diabetic association general Hospital, Rajshahi, Bangladesh /
_cBy Md. Azad Hossain ;
_6Principal Supervisor ; S. M. Shahinul Islam, Co-Supervisor : Mohammad. Imtiaj Mahbub, Co-Supervisor : Mukul, Kumar Sarkar,
260 _aRajshahi :
_bInstitute of Biological Sciences, University of Rajshahi,
_c2021
300 _axvii, 138 leaves :
_bill, ;
_c29.cm.
502 _aThesis (Ph. D.) -- Institute of Biological Sciences, University of Rajshahi, 2021
504 _aReferences : Leaves 84 - 113
650 _aDiabetes mellitus
_vDiseases
_98724
700 _aIslam, S. M. Shahinul, Principal Supervisor
_96754
700 _aMahbub, Mohammad. Imtiaj Co-Supervisor
_98725
700 _aSarkar, Mukul, Kumar Co-Supervisor
_98726
942 _2ddc
_cTHE
999 _c81826
_d81826